|
|
|
|
| LEADER |
03496nam a22005295i 4500 |
| 001 |
978-981-10-3418-3 |
| 003 |
DE-He213 |
| 005 |
20170404021932.0 |
| 007 |
cr nn 008mamaa |
| 008 |
170131s2017 si | s |||| 0|eng d |
| 020 |
|
|
|a 9789811034183
|9 978-981-10-3418-3
|
| 024 |
7 |
|
|a 10.1007/978-981-10-3418-3
|2 doi
|
| 040 |
|
|
|d GrThAP
|
| 050 |
|
4 |
|a QC793-793.5
|
| 050 |
|
4 |
|a QC174.45-174.52
|
| 072 |
|
7 |
|a PHQ
|2 bicssc
|
| 072 |
|
7 |
|a SCI051000
|2 bisacsh
|
| 082 |
0 |
4 |
|a 539.72
|2 23
|
| 100 |
1 |
|
|a Hamada, Yuta.
|e author.
|
| 245 |
1 |
0 |
|a Higgs Potential and Naturalness After the Higgs Discovery
|h [electronic resource] /
|c by Yuta Hamada.
|
| 264 |
|
1 |
|a Singapore :
|b Springer Singapore :
|b Imprint: Springer,
|c 2017.
|
| 300 |
|
|
|a XII, 102 p. 36 illus., 34 illus. in color.
|b online resource.
|
| 336 |
|
|
|a text
|b txt
|2 rdacontent
|
| 337 |
|
|
|a computer
|b c
|2 rdamedia
|
| 338 |
|
|
|a online resource
|b cr
|2 rdacarrier
|
| 347 |
|
|
|a text file
|b PDF
|2 rda
|
| 490 |
1 |
|
|a Springer Theses, Recognizing Outstanding Ph.D. Research,
|x 2190-5053
|
| 505 |
0 |
|
|a Introduction -- Bare Parameters at Cutoff Scale -- Higgs Inflation and Standard Model Criticality -- Naturalness Problem and Quantum Gravity -- Dark Matter and Higgs Potential -- Summary -- Appendix A - Convention -- Appendix B - Renormalization Group Equations -- Appendix C - Brief Review of Inflation -- Appendix D - Strong CP Problem -- Appendix E - Quantization of Majorana Field -- Appendix F - The Effect of the Principle Value.
|
| 520 |
|
|
|a This thesis focuses on the theoretical foundation of the Standard Model valid up to the Planck scale, based on the current experimental facts from the Large Hadron Collider. The thesis consists of two themes: (1) to open up a new window of the Higgs inflation scenario, and (2) to explore a new solution to the naturalness problem in particle physics. In the first area, on the Higgs inflation scenario, the author successfully improves a large value problem on a coupling constant relevant to the Higgs mass in the Standard Model, in which the coupling value of the order of 105 predicted in a conventional scenario is reduced to the order of 10. This result makes the Higgs inflation more attractive because the small value of coupling is natural in the context of ultraviolet completion such as string theory. In the second area, the author provides a new answer to the naturalness problem, of why the cosmological constant and the Higgs mass are extremely small compared with the Planck scale. Based on the baby universe theory originally proposed by Coleman, the smallness of those quantities is successfully explained without introducing any additional new particles relevant at the TeV energy scale.
|
| 650 |
|
0 |
|a Physics.
|
| 650 |
|
0 |
|a Mathematical physics.
|
| 650 |
|
0 |
|a Quantum field theory.
|
| 650 |
|
0 |
|a String theory.
|
| 650 |
|
0 |
|a Astrophysics.
|
| 650 |
|
0 |
|a Elementary particles (Physics).
|
| 650 |
1 |
4 |
|a Physics.
|
| 650 |
2 |
4 |
|a Elementary Particles, Quantum Field Theory.
|
| 650 |
2 |
4 |
|a Quantum Field Theories, String Theory.
|
| 650 |
2 |
4 |
|a Astrophysics and Astroparticles.
|
| 650 |
2 |
4 |
|a Mathematical Physics.
|
| 710 |
2 |
|
|a SpringerLink (Online service)
|
| 773 |
0 |
|
|t Springer eBooks
|
| 776 |
0 |
8 |
|i Printed edition:
|z 9789811034176
|
| 830 |
|
0 |
|a Springer Theses, Recognizing Outstanding Ph.D. Research,
|x 2190-5053
|
| 856 |
4 |
0 |
|u http://dx.doi.org/10.1007/978-981-10-3418-3
|z Full Text via HEAL-Link
|
| 912 |
|
|
|a ZDB-2-PHA
|
| 950 |
|
|
|a Physics and Astronomy (Springer-11651)
|